000 00500nam a2200181Ia 4500
008 151018s9999 xx 000 0 und d
082 _bRBASDV4979
_a891.463
100 _aशेंडे
245 _aतीन लोककथा
250 _b1
260 _bशरदचंद्र टोंगो
_c1960
300 _a24
600 _aशेंडे
630 _aतीन लोककथा
700 _aशेंडे
730 _aतीन लोककथा
942 _cBOOK
999 _c1007363
_d1007360